=LDR 00000nam 2200000 4500 =001 INLIS000000000029723 =005 20200227111624 =035 ##$$a 0010-061300000029723 =008 200227################g##########0#ind## =041 ##$$a Ind =082 ##$$a 158.3 =090 ##$$a 158.3, Bea p =100 ##$$a Beatty, Richard H =245 1#$$a Perangkat wawancara, /$c Richard H. Beatty =260 ##$$a Semarang :$b Dahara Prize,$c 1999 =300 ##$$a viii, 364 hlm, ; $c 17 x 14 cm.. =650 #4$$a Psikologi =850 ##$$a NBPNMAT =084 ##$$a 158.3 BEA p =990 ##$$a 141.761/Pro.99